000 00552nam a2200217 a 4500
001 14217
003 BD-JhCC
005 20250213091210.0
008 250213b1923 uk |||| ||a| 000 0 eng d
035 _a(BD-JhCC)14217
040 _aBD-JhCC
_dBD-JhCC
041 _aeng
082 _a158.9
_bKRO 1923
100 _aMikael Krogerus
245 _aThe Decision Book /L
_cMikael Krogerus
260 _aLondon:
_bW.W Norton & Company;
_c1923.
300 _a153 p .
_c20 cm.
650 _aSelf helf and Meditation
942 _2ddc
_cBK
999 _c14217
_d14217